000 00356nam a2200145Ia 4500
003 GCL
008 140319s9999 xx 000 0 ara d
040 _aGCL /
_cGCL
082 0 4 _a649
_bه ا
100 1 _aبيتر
245 1 0 _aالامومة والطفولة /
_cبيتر
700 1 _aهومز
700 1 _aبسام درويش
490 _a100 قصة
_v0
999 _c43377
_d43377